000 00740cam a22002414a 4500
001 12453864
005 20180125043105.0
008 010627s2002 nyua j b 001 0deng
010 _a 2001003841
020 _a0823935574 (lib. bdg.)
040 _aDLC
_cDLC
_dDLC
041 _aeng
042 _apcc
_alcac
080 _a796.4352 CHR
082 0 0 _a796.4352 CHR
_221
100 1 _a48
101 _aEDU
245 1 0 _aUltra marathon running /
_cby Chris Hayhurst.
504 _aIncluding bibliographical references and index.
906 _a7
_bcbc
_corignew
_d1
_eecip
_f20
_gy-gencatlg
942 _2ddc
_cBK
999 _c40913
_d40913